00691nam a22002057a 450000500170000001000150001702000260003203500130005803700130007108200120008424500540009626000370015027000500018730000220023750000400025970000170029994200260031699900170034295201260035920150915105636.0 aENG-113901 a9788171326693c350.00 aEN-97433 bDBAD/PUB a302.222 aNow verbal communication /cedited by Mosam Sinha aJaipurbPointer Publishersc2012 aVyas Building, S.M.S. HighwaybJaipure302003 avi,94p.c22cm(Hb) aIncludes bibliographical references aSinha, Mosam 2ddccENmNONh302.222 c96460d96460 001040718NFICaDBADbDBADd2015-08-25eDBAD/Pub.g350.00l0o302.222 NONpEN-97433r2015-08-25 00:00:00t1v350.00yEN